000 00664 a2200193 4500
020 _a0072121645
040 _aLibrary of Congress
_bEnglish
082 0 0 _a005.432
100 1 _aPetersen, Richard,
245 1 0 _aLinux : the complete reference
_cRichard Petersen.
246 1 4 _aComplete reference Linux
250 _a3rd ed.
260 _aBerkeley, Calif. :
_bOsborne/McGraw-Hill,
_cc1999.
300 _axxvii, 929 p. :
_bill. ;
_c24 cm. +
_e2 computer laser optical discs (4 3/4 in.)
500 _a"Covers Linux Kernel 2.2 including KDE and Gnome"--Cover.
500 _aIncludes index.
650 0 _aOperating systems (Computers)
942 _cBK
_k005.432 PET
_2ddc
999 _c6236
_d6236